| 000 | 00534nam a2200229Ia 4500 | ||
|---|---|---|---|
| 003 | OSt | ||
| 005 | 20220912153049.0 | ||
| 006 | a|||||r|||| 00| 0 | ||
| 007 | ta | ||
| 008 | 220909b |||||||| |||| 00| 0 eng d | ||
| 024 | _a22750 | ||
| 037 | _cTextual | ||
| 040 |
_aCSL _beng _cCSL |
||
| 041 | _aeng | ||
| 082 | _aY:1:(NR), M1 | ||
| 100 | _aWolff Janet | ||
| 245 | 0 | _aSocial production of art | |
| 260 | _c1981 | ||
| 300 |
_ap. _ccm. |
||
| 942 |
_hY:1:(NR), M1 _cTEXL _2CC |
||
| 999 |
_c97546 _d97546 |
||